| 000 | 00441cam a2200181ua 4500 | ||
|---|---|---|---|
| 001 | 3792 | ||
| 008 | 111207n ii |||gr||||Z||||||asm | ||
| 040 | _cMAIN | ||
| 082 | _a891.4511 | ||
| 100 | _aBora, Maheswar, | ||
| 245 | 1 | 1 |
_aAsamiya kabitar chandra _cby Maheswar Bora |
| 250 | _a2nd. | ||
| 260 |
_aDibrugarh: _bBani Mandir,986. |
||
| 300 |
_a164p: _c23cm. |
||
| 653 | _aAssamese poem | ||
| 653 | _aAsamiya kabitar chandra | ||
| 942 | _cBK | ||
| 999 |
_c3617 _d3617 |
||